| 000 | 006270000a22002050004500 | ||
|---|---|---|---|
| 003 | LK-CoMWRAF | ||
| 005 | 20231106162207.0 | ||
| 008 | 230817t1988 ||||| |||| 00| 0 eng d | ||
| 020 | _a9718625011 | ||
| 040 |
_aLK-CoMWRAF _dLK-CoMWRAF _eLK-CoMWRAF |
||
| 041 | _aeng | ||
| 082 |
_a500 _bQUS |
||
| 100 | _aQush, Suleiman | ||
| 245 | _aThe Scientific Discoveries in Correlation to the Glorious Qur'an | ||
| 260 |
_aPhilippines: _bIslamic Da'wah Council of the Philippines, _c1988 |
||
| 300 |
_avii, 220 p. ; 20 cm. _bBibliography included |
||
| 650 | _aQUR'AN AND SCIENCE | ||
| 650 | _aDiscoveries in science. | ||
| 942 | _cBK | ||
| 999 |
_c1394 _d1394 |
||